Macroeconomics,theories and policies

Bibliographic Details
Main Author: Froyen, Richard T.
Format: Book
Published: New York : Macmillan , 1990
Edition:3rd edition
Subjects:

MARC

LEADER 00000cam a2200000 7i4500
001 0000004912
002 000005297
005 20000330.0
020 |a 002339482X 
090 0 0 |a 339.   |b FRO 
100 1 |a Froyen, Richard T. 
245 1 0 |a Macroeconomics,theories and policies   |c Richard T.Froyen 
250 |a 3rd edition 
260 |a New York :   |b Macmillan ,   |c 1990 
300 |a 664p. ;   |c 23cm. 
650 0 0 |a Macroeconomics 
999 |a 037654   |b BUKU   |c PINJAMAN   |e PERPUSTAKAAN KOMUNITI PETALING JAYA